1597 1394 1635 1704 1774 1609 1643 1273 1020 1961 1617 1533 1665 1788 1111 1984 1822 1961 1112 1128 1052 1338 1682 1069 1764 1205 1679 1419 1474 1020 1841 1293 1382 1118 1919 1380 1985 1667 1329 1369 1766 1474 1312 1788 1099 1371 1813 1603 1919 1689 1968 1809 1787 1618 1212 1208 1561 1422 1576 1660 1018 1616 1697 1025 1939 1452 1783 1859 1738 1685 1463 1928 1575 1898 1559 1827 1590 1408 1660 1902 1148 1506 1616 1500 1840 1303 1077 1327 1580 1804 1783 1717 1072 1659 1558 1331 1915 1637 1201 BCNSPRNW ULIB Ver.6.0+V

เปลี่ยนเป็นภาษาไทย

Change to English
 แสดงรายละเอียดบรรณานุกรม
  กลับหน้าหลัก

Brief Record : Get Marc (ISO 2709) : E-mail record : QR code < ปิดหน้าต่าง
LEADER : 00000nam 2200000uu 4500
001    13399111302
003     ULIB
008    110622s||||||||th 000 0 tha d
020    9746058282
020    9789746058285
050 04 BF713^bท461จ 2546
100 0  ทิพย์ภา เชษฐ์เชาวลิต
245 10 จิตวิทยาพัฒนาการสำหรับพยาบาล /^cทิพย์ภา เชษฐ์เชาวลิต
250    พิมพ์ครั้งที่ 3
260    สงขลา :^bภาควิชาการพยาบาลจิตเวช คณะพยาบาลศาสตร์มหาวิทยาลัยสงขลานครินทร์,^c2546
300    ก-ฉ, 144 หน้า :^bภาพประกอบ ;^c26ซม.
650  7 จิตวิทยาพัฒนาการ
650  7 พยาบาล
710 2  มหาวิทยาลัยสงขลานครินทร์. ^bคณะพยาบาลศาสตร์.^bภาควิชาการพยาบาลจิตเวช
945    ^p130^l0^i018114
945    ^p130^l0^i018113
945    ^p130^l0^i018112
945    ^p130^l0^i018111
995    ทศพร
999 ^a ใช้งานได้ทุกระบบ
รายการนี้ยังไม่มีแท็ก
คุณยังไม่ได้ล็อกอิน คุณสามารถมีกิจกรรมร่วมกับเว็บไซต์ได้ แต่ต้องล็อกอินก่อน ::
  ล็อกอิน

รายการสื่อสารสนเทศ

ลำดับที่ ประเภท เลขเรียก/บาร์โค้ด สถานที่ สถานะ
- ไม่พบข้อมูล -

รายการใกล้เคียง
    ผู้แต่ง [ทิพย์ภา เชษฐ์เชาวลิต]

    หัวเรื่อง [จิตวิทยาพัฒนาการ]
    หัวเรื่อง [พยาบาล]

BibComment


ยังไม่เคยถูกคอมเมนท์

คอมเมนท์ทรัพยากรรายการนี้
  คอมเมนท์: จิตวิทยาพัฒนาการส..


 Copyright 2026. Bcnsprnw @Library